000 00210nam a22000857a 4500
999 _c23743
_d23743
005 20250212124054.0
008 250212b ||||| |||| 00| 0 eng d
040 _csk
245 _aVojenské omyly druhej svetovej vojny